Arte y naturaleza hoy (Record no. 188706)

MARC details
000 -LEADER
campo de control de longitud fija 01007nam a2200253 i 4500
001 - NÚMERO DE CONTROL
campo de control 188706
003 - IDENTIFICADOR DE NÚMERO DE CONTROL
campo de control SpMaBN
005 - FECHA Y HORA DE LA ÚLTIMA TRANSACCIÓN
campo de control 20250806060102.0
008 - DATOS DE LONGITUD FIJA--INFORMACIÓN GENERAL
campo de control de longitud fija 190205s2016 sp ao |||| | spa d
020 ## - NÚMERO INTERNACIONAL ESTÁNDAR DEL LIBRO
Número Internacional Estándar del Libro 978-84-943169-6-8
080 ## - NÚMERO DE LA CLASIFICACIÓN DECIMAL UNIVERSAL
Número de la Clasificación Decimal Universal 77.047(083.824)
245 00 - MENCIÓN DEL TÍTULO
Título Arte y naturaleza hoy
Resto del título : Museu Universitat d'Alacant, Alicante, del 19 de mayo al 12 de junio de 2016 /
Mención de responsabilidad, etc. [autores, Javier Gómez de Segura ... et al.].
260 ## - PUBLICACIÓN, DISTRIBUCIÓN, ETC.
Lugar de publicación, distribución, etc. Alicante :
Nombre del editor, distribuidor, etc. Universidad de Alicante,
Fecha de publicación, distribución, etc. [2016]
300 ## - DESCRIPCIÓN FÍSICA
Extensión 168 p. :
Otras características físicas il. col., fot. ;
Dimensiones 23 x 17 cm.
504 ## - NOTA DE BIBLIOGRAFÍA, ETC.
Nota de bibliografía, etc. Referencias bibliográficas.
504 ## - NOTA DE BIBLIOGRAFÍA, ETC.
Nota de bibliografía, etc. Bibliografía: p. 168.
650 #4 - PUNTO DE ACCESO ADICIONAL DE MATERIA--TÉRMINO DE MATERIA
Término de materia o nombre geográfico como elemento de entrada Fotografía de la naturaleza-
Subdivisión de forma Exposiciones.
9 (RLIN) 166147
655 #7 - TERMINO DE INDIZACIÓN--GENERO/FORMA
Fuente del término tgfbne
9 (RLIN) 193628
Datos o término principal de género/forma Catálogos de exposiciones
700 1# - ENTRADA AGREGADA--NOMBRE PERSONAL
Nombre de persona Gómez de Segura, Javier.
9 (RLIN) 166148
710 2# - ENTRADA AGREGADA--NOMBRE DE ENTIDAD CORPORATIVA
Nombre de entidad corporativa o nombre de jurisdicción como elemento de entrada Universidad de Alicante.
Unidad subordinada Museo
9 (RLIN) 166149
852 ## - LOCALIZACIÓN
Ubicación ES-MaACL
Número de control de estantería A-14320
itemnumber 195839
Sublocalización o colección R.151546
Ubicación en estantería Depósito 1
Signatura antigua Olim: N-7320
Donativo/Legado Donación: autores
942 ## - ELEMENTOS DE ENTRADA SECUNDARIOS (KOHA)
Fuente del sistema de clasificación o colocación Clasificación decimal universal
Tipo de ítem Koha Libro impreso
Holdings
Estatus retirado Estado de pérdida Fuente del sistema de clasificación o colocación Estado de daño No para préstamo Biblioteca de origen Biblioteca actual Ubicación en estantería Fecha de adquisición Fuente de adquisición Total de préstamos Signatura topográfica completa Código de barras Visto por última vez Precio de reemplazo Tipo de ítem Koha
    Clasificación decimal universal     Biblioteca del Ateneo de Madrid Biblioteca del Ateneo de Madrid Depósito 1 12/02/2019 Donación   A-14320 1199886 23/02/2023 23/02/2023 Libro impreso